Čo (ne)vieme o diskriminácii súbor vzdelávacích textov a metodík

Bibliographic Details
Other Authors: Debrecéniová, Janka, 1978- (Editor)
Format: Software eBook
Language:Slovak
PhysicalDescription:1 elektronický optický disk (CD-ROM) 12 cm
Published: Bratislava Občan a demokracia 2006
ISBN:8089140068 (elektronická kniha)
Edition:1. vyd.
Subjects:

MARC

LEADER 00000nam a2200000 a 4500
001 vtls009000743
003 SK-MaSNL
005 20260301092024.0
007 co ugu muuua
008 070620s2006 xo dsf 000 0 slo
015 |a SNBS2007 
020 |a 8089140068 (elektronická kniha) 
040 |a SNK  |b slo  |c SNK  |e AACR2 
041 0 |a slo 
043 |a e------ 
044 |a xo  |c SK 
072 7 |a 316.4/.7  |x Sociálne interakcie  |2 konspekt 
080 |a 316.647.82  |2 2001 
080 |a 341.2  |2 2001 
080 |a (4)  |2 2001 
080 |a (0.034.44)  |2 2001 
080 |a (035)  |2 2001 
245 0 0 |a Čo (ne)vieme o diskriminácii  |h elektronický zdroj  |b súbor vzdelávacích textov a metodík  |c editorka: Janka Debrecéniová 
250 |a 1. vyd. 
256 |a Elektronické dokumenty 
260 |a Bratislava  |b Občan a demokracia  |c 2006 
300 |a 1 elektronický optický disk (CD-ROM)  |c 12 cm 
650 0 7 |a diskriminácia  |2 SNKPH  |9 4923 
650 0 7 |a ochrana ľudských práv  |2 SNKPH  |9 4034 
651 7 |a krajiny Európskej únie  |2 SNKPH  |9 31482 
655 7 |a CD-ROM  |2 SNKPH  |9 70236 
655 7 |a príručky  |2 SNKPH  |9 74364 
700 1 |a Debrecéniová, Janka,  |d 1978-  |4 edt  |9 98622 
919 |a 80-89140-06-8 
999 |c 672811  |d 674741 
952 |a SNK  |b SNK  |y PREZ  |7 0  |p 17A0552939  |o snkSCDM 1423  |i snk2007/15723  |8 0  |0 0  |1 0  |4 0  |d 2007-06-20  |l 0  |r 2026-02-23 19:32:03  |w 2026-02-23 
952 |t snkCON 316.647.82  |a SNKMST  |b SNKMST  |y PREZ  |7 0  |p 17A0552940  |o snkSCDM 1423 D1  |i snk2007/15724  |8 0  |0 0  |1 0  |4 0  |d 2007-06-20  |l 0  |r 2025-08-11 00:00:00  |w 2026-02-23